000 00334 a2200121 4500
001 ART_46585
005 20260410161827.0
008 260409a
245 1 0 _aSubasta experimental
100 1 _aRodríguez, Julieta A.
700 1 _aRodriguez, Elsa
773 0 _tFACES
_g- Año 22, Nº 47 (jul./dic. 2016)
_wREV5046
999 _c22886
_d22886